Instituciones de Historia General de la Literatura.

Gespeichert in:
Bibliographische Detailangaben
1. Verfasser: Méndez Bejarano, Mario. Autor, Catedrático en el Instituto de Granada, Catedrático de Lengua castellana o Literatura en el Instituto Cardenal Cisneros y Ex-diputado a Cortes
Format: keine Angabe
Sprache:Spanisch
Erschienen: Madrid Gráfica Universal 1919
Katalog:MANES:  Suchergebnis im Bibliothekskatalog
Schulbuchspezifische Eigenschaften:
Tags: Tag hinzufügen
Keine Tags, Fügen Sie den ersten Tag hinzu!
Hinzugefügt zu:26.04.2016
Geändert in:07.05.2025

MARC

LEADER 000000000a22000000004500
001 09446
003 OSt
005 20250507134314.0
008 160427s sp ||||| |||| 00| 0 spa d
040 |c centro_manes 
041 1 |a spa 
561 |5 es-BUNED  |3 LT 0139  |a España. Fondo Manes UNED  |k MANES 
691 0 |a SE 
100 1 |a Méndez Bejarano, Mario. Autor, Catedrático en el Instituto de Granada, Catedrático de Lengua castellana o Literatura en el Instituto Cardenal Cisneros y Ex-diputado a Cortes  |9 5271 
245 0 0 |a Instituciones de Historia General de la Literatura. 
260 3 |a Madrid  |b Gráfica Universal  |c 1919 
300 |a 477 + III p.  |c 19,5 x 13,5 cm 
690 0 |a HI 
942 |2 ddc  |c BK 
546 |a España 
999 |c 15420  |d 15420 
999 |c manes:15420  |d 15420